<?xml version="1.0" encoding="UTF-8"?><?xml-stylesheet type="text/xsl" href="static/style.xsl"?><OAI-PMH xmlns="http://www.openarchives.org/OAI/2.0/" xmlns:xsi="http://www.w3.org/2001/XMLSchema-instance" xsi:schemaLocation="http://www.openarchives.org/OAI/2.0/ http://www.openarchives.org/OAI/2.0/OAI-PMH.xsd"><responseDate>2026-06-06T02:15:46Z</responseDate><request verb="GetRecord" identifier="oai:riuma.uma.es:10630/25741" metadataPrefix="marc">https://riuma.uma.es/rest/oai/request</request><GetRecord><record><header><identifier>oai:riuma.uma.es:10630/25741</identifier><datestamp>2026-02-03T12:55:49Z</datestamp><setSpec>com_10630_22985</setSpec><setSpec>com_10630_3139</setSpec><setSpec>com_10630_10</setSpec><setSpec>col_10630_25683</setSpec></header><metadata><record xmlns="http://www.loc.gov/MARC21/slim" xmlns:dcterms="http://purl.org/dc/terms/" xmlns:doc="http://www.lyncode.com/xoai" xmlns:xsi="http://www.w3.org/2001/XMLSchema-instance" xsi:schemaLocation="http://www.loc.gov/MARC21/slim http://www.loc.gov/standards/marcxml/schema/MARC21slim.xsd">
   <leader>00925njm 22002777a 4500</leader>
   <datafield ind2=" " ind1=" " tag="042">
      <subfield code="a">dc</subfield>
   </datafield>
   <datafield ind2=" " ind1=" " tag="720">
      <subfield code="a">Figueiras-Río, Almudena</subfield>
      <subfield code="e">author</subfield>
   </datafield>
   <datafield ind2=" " ind1=" " tag="720">
      <subfield code="a">Fernández-Simo, Deibe</subfield>
      <subfield code="e">author</subfield>
   </datafield>
   <datafield ind2=" " ind1=" " tag="720">
      <subfield code="a">Correia-Campos, Edgar</subfield>
      <subfield code="e">author</subfield>
   </datafield>
   <datafield ind2=" " ind1=" " tag="260">
      <subfield code="c">2022</subfield>
   </datafield>
   <datafield ind2=" " ind1=" " tag="520">
      <subfield code="a">La mejora del Sistema de Protección a la Infancia y Adolescencia lleva implícita el conocimiento de la percepción que los actores implicados tienen de la acción protectora. La presente investigación pretende analizar las valoraciones que adolescentes y educadores/as sociales realizan sobre las estrategias de los centros de protección de menores, en los que conviven y trabajan. Para conseguir este propósito se realizaron entrevistas y grupos de discusión, que permitieron obtener información acerca de la estancia de los/las menores en los centros de protección, de las características y funciones del personal educativo y directivo, de su participación en la vida del centro y fuera del mismo, de la promoción de la autonomía y de los apoyos facilitados por el propio Sistema de Protección.</subfield>
   </datafield>
   <datafield ind1="8" ind2=" " tag="024">
      <subfield code="a">Figueiras-Rio, A., Fernández-Simo, D., &amp; Correia-Campos, E. (2022). Menores y educadores sociales en los centros de protección a la infancia . Revista Practicum, 7(2), 76-91. https://doi.org/10.24310/RevPracticumrep.v7i2.15501</subfield>
   </datafield>
   <datafield ind1="8" ind2=" " tag="024">
      <subfield code="a">https://hdl.handle.net/10630/25741</subfield>
   </datafield>
   <datafield ind1="8" ind2=" " tag="024">
      <subfield code="a">https://doi.org/10.24310/RevPracticumrep.v7i2.15501</subfield>
   </datafield>
   <datafield tag="653" ind2=" " ind1=" ">
      <subfield code="a">Educación social</subfield>
   </datafield>
   <datafield ind2="0" ind1="0" tag="245">
      <subfield code="a">Menores y educadores sociales en los centros de protección a la infancia</subfield>
   </datafield>
</record>
</metadata></record></GetRecord></OAI-PMH>